000
00194 a2200097 4500
001
41210
100
_a
Poole, S
245
_a
History of Egypt
260
_a
_b
S M Mir
_c
090
_c
25431
_d
25431
942
_a
NUST-CAE
_c
M
_c
17149
999
_c
276283
_d
276283